Seis alternativas para recuperar y ampliar el modelo sandinista original
Analiza la necesidad de ampliar el modelo de acumulación sandinista. Se exponen seis alternativas que podrían fortalecer el nuevo paquete económico conplementándolo con un programa global dirigido a ampliar el modelo de acumulación. SM/EL
Gorde:
| Formatua: | Texto |
|---|---|
| Gaiak: | |
| Etiketak: |
Etiketa erantsi
Etiketarik gabe, Izan zaitez lehena erregistro honi etiketa jartzen!
|
MARC
| LEADER | 00000 a a2200000 04500 | ||
|---|---|---|---|
| 001 | 6982 | ||
| 003 | |||
| 040 | |||
| 245 | |a Seis alternativas para recuperar y ampliar el modelo sandinista original | ||
| 520 | |a Analiza la necesidad de ampliar el modelo de acumulación sandinista. Se exponen seis alternativas que podrían fortalecer el nuevo paquete económico conplementándolo con un programa global dirigido a ampliar el modelo de acumulación. SM/EL | ||
| 650 | |a MODELOS ECONOMICOS | ||
| 650 | |a GUERRA | ||
| 650 | |a GANADERIA | ||
| 650 | |a CAFE | ||
| 650 | |a PRODUCTORES | ||
| 650 | |a INFLACION | ||
| 650 | |a CREDITO | ||
| 650 | |a INVERSIONES | ||
| 650 | |a FUERZAS ARMADAS | ||
| 650 | |a PRODUCCION | ||
| 650 | |a SECTOR AGROPECUARIO | ||
| 650 | |a SIEMBRA | ||
| 650 | |a FINANCIAMIENTO | ||
| 650 | |a INVERSIONES | ||
| 773 | |g número 85; páginas 32-54 | ||
| 999 | |c 31074 |d 31074 | ||
